000 01043cab a22002295a 4500
001 L137459
008 070405s2006 xxkd f 000 0 eng d
035 _a(Sirsi) u137459
041 0 _aeng
100 1 _aOsmani, Mohamed
245 0 0 _aArchitect and contractor attitudes to waste minimisation
260 _c2006
490 _aWaste Management
520 _aInvestigates the integration of waste minimisation strategies into current design processes, examining contractors? existing waste management practices and establishing responsibilities for, and barriers to, managing waste minimisation. It is revealed that very few attempts are made to reduce waste during the design process, but that contractors are taking a more proactive approach to managing on-site waste production.
590 _aKA
650 2 4 _aCONSTRUCTION INDUSTRY
651 4 _aUnited Kingdom
_y
690 _aBUILT ENVIRONMENT-CONSTRUCTION MANAGEMENT-CONSTRUCTION DESIGN AND MANAGEMENT
700 1 _aGlass, Jacqueline
700 1 _aPrice, Andrew
942 _n0
999 _c78611
_d78611